00418nam a2200145 a 450000500170000000800410001702000180005805000240007610000190010024500430011926000550016230000170021744000190023465000190025320140412111300.0000901s19uu xx 00 eng d a0-8136-2878-4 aBB 611.84bJ71 1992 aJones, Anne G. aYour eyes /cwritten by Anne G. Jones. aCelveland, Ohio :bModern Curriculum Press,c1992. a16 p. ; ill. aConcept Health aSciencesxEyes